埼玉西武ライオンズ歴代開幕スタメン - Statistics

General Stats
  • This quiz has been taken 38 times
  • The average score is 136 of 180
Answer Stats
Hint Answer % Correct
三塁手 | 指名打者 中村剛也
100%
中堅手 | 左翼手 | 指名打者 栗山巧
97%
中堅手 | 右翼手 秋山翔吾
97%
指名打者 | 捕手 森友哉
97%
一塁手 山川穂高
94%
遊撃手 源田壮亮
94%
投手 今井達也
94%
投手 涌井秀章
90%
三塁手 | 二塁手 | 右翼手 | 遊撃手 外崎修汰
90%
投手 髙橋光成
90%
一塁手 | 二塁手 浅村栄斗
87%
捕手 炭谷銀仁朗
87%
捕手 古賀悠斗
87%
遊撃手 中島裕之
84%
中堅手 | 右翼手 | 左翼手 | 遊撃手 金子侑司
84%
投手 岸孝之
81%
捕手 炭谷銀仁朗
81%
投手 菊池雄星
81%
投手 多和田真三郎
77%
一塁手 | 指名打者 メヒア
74%
中堅手 | 左翼手 西川愛也
74%
一塁手 ネビン
74%
二塁手 片岡易之
71%
二塁手 片岡治大
71%
右翼手 | 左翼手 木村文紀
68%
捕手 細川亨
65%
一塁手 アギラー
65%
右翼手 長谷川信哉
65%
左翼手 コルデロ
61%
左翼手 渡部聖弥
61%
右翼手 | 左翼手 G.G.佐藤
61%
中堅手 ボカチカ
58%
投手 ニール
58%
三塁手 マキノン
58%
指名打者 セデーニョ
58%
左翼手 スパンジェンバーグ
55%
遊撃手 鬼崎裕司
52%
遊撃手 永江恭平
48%
捕手 柘植世那
48%
二塁手 元山飛優
48%
三塁手 | 中堅手 ヘルマン
45%
一塁手 ブラゼル
42%
一塁手 石井義人
42%
指名打者 フェルナンデス
42%
投手 牧田和久
42%
中堅手 鈴木将平
42%
右翼手 愛斗
35%
中堅手 ペイトン
35%
遊撃手 山村崇嘉
35%
右翼手 熊代聖人
32%
一塁手 脇谷亮太
32%
左翼手 オグレディ
32%
左翼手 松坂健太
29%
右翼手 若林楽人
29%
右翼手 高山久
26%
三塁手 ブランドン
26%
左翼手 | 指名打者 ブラウン
23%
三塁手 ランサム
23%
右翼手 坂田遼
23%
指名打者 オーティズ
19%
指名打者 嶋重宣
16%
左翼手 田代将太郎
16%
捕手 銀仁朗
13%
二塁手 原拓也
13%
指名打者 清水崇行
10%
No matching quizzes found
Score Distribution
Percent of People with Each Score
Percentile by Number Answered
Your Score History
You have not taken this quiz